000 00566nam 22002053 4500
001 200136
010 _a972-8305-50-8
021 _aPT
_b118159/97
090 _a200136
100 _a20260122d u||y0pory50 ba
200 _aQue se passa na frente?!!
_fAugusto Cid
210 _a[S.l.]
_cContemporânea editora
_dD.L. 1997
215 _a[136] p.
_cil. ; brochado
_d21 cm
606 _91586
_aDesenho Artístico
610 _aBanda Desenhada
675 _a74
_vPT
_zpor
700 _915951
_aCid
_bAugusto
_f1941-2019
801 _aPT
_bBMMN
_gRPC
830 _cIsabel
990 _cLIVROS